| 000 | 01055nam a2200253 a 4500 | ||
|---|---|---|---|
| 001 | 70828 | ||
| 003 | BD-RjUL | ||
| 005 | 20211209082038.0 | ||
| 008 | 170420s1992 bg a|||| b||| 00| 0 ben d | ||
| 020 |
_a9840726633 : _c: TK.150.00 |
||
| 035 | _a(BD-RjUL)71042 | ||
| 040 |
_aBD-RjUL _bben _cBD-RjUL _dBD-RjUL |
||
| 041 | _aben | ||
| 082 |
_223 _a621.483 _bAHP 1992 |
||
| 100 |
_aআহাদ, আ.ও.ম. আবদুল _9209625 |
||
| 245 |
_aপরমাণু-চুল্লী : _bতত্ত্ব ও প্রযুক্তি / _cআ.ও.ম. আবদুল আহাদ; কামাল আহমেদ |
||
| 260 |
_aঢাকা : _bবাংলা একাডেমী, _c১৯৯২. |
||
| 300 |
_a[পনের], ৪৭১ পৃ. : _bচিত্র. ; _c২৪ সে.মি. |
||
| 504 | _aগ্রন্থপজ্ঞী সংযুক্ত. | ||
| 650 |
_aপারমানবিক চুল্লী _9209626 |
||
| 650 |
_aNuclear reactors _9209627 |
||
| 700 |
_aআহমেদ, কামাল _9209628 |
||
| 942 |
_2ddc _cBK |
||
| 999 |
_c70828 _d70828 |
||